Sign electrician's workbook : based on the 1990 NEC
| Main Author: | |
|---|---|
| Format: | Book |
| Published: |
Homewood :
American Technical Publishers,Inc. ,
1990
|
| Subjects: |
MARC
| LEADER | 00000cam a2200000 7i4500 | ||
|---|---|---|---|
| 001 | 0000004920 | ||
| 002 | 000005305 | ||
| 005 | 20000330.0 | ||
| 020 | |a 0826917291 | ||
| 090 | 0 | 0 | |a 621.3229 |b STA |
| 100 | 1 | |a Stallcup, James G | |
| 245 | 1 | 0 | |a Sign electrician's workbook : |b based on the 1990 NEC |c James G.Stallcup |
| 260 | |a Homewood : |b American Technical Publishers,Inc. , |c 1990 | ||
| 300 | |a 90p. ; |c 27cm. | ||
| 650 | 0 | 0 | |a Electric engineering |
| 999 | |a 037664 |b BUKU |c PINJAMAN |e PERPUSTAKAAN KOMUNITI PETALING JAYA | ||
| 999 | |a 037665 |b BUKU |c PINJAMAN |e PERPUSTAKAAN KOMUNITI PETALING JAYA | ||